Online
Catalog

El deporte en el marco de la estrategia nacional de desarrollo: (Record no. 38610)

MARC details
000 -CABECERA
campo de control de longitud fija 01628nam a2200289 a 4500
001 - NÚMERO DE CONTROL
campo de control 000039120
003 - IDENTIFICADOR DEL NÚMERO DE CONTROL
campo de control DO-SdBNP
005 - FECHA Y HORA DE LA ÚLTIMA TRANSACCIÓN
campo de control 20221103134637.0
007 - CAMPO FIJO DE DESCRIPCIÓN FÍSICA--INFORMACIÓN GENERAL
campo de control de longitud fija ta
008 - DATOS DE LONGITUD FIJA--INFORMACIÓN GENERAL
campo de control de longitud fija 130523s2012 dr ac 000 0 spa d
020 ## - NÚMERO INTERNACIONAL ESTÁNDAR DEL LIBRO
Número Internacional Estándar del Libro 9789945006841
040 ## - FUENTE DE LA CATALOGACIÓN
Centro catalogador/agencia de origen DO-SdBNP
Lengua de catalogación spa
Centro/agencia transcriptor BNPHU
082 #4 - NÚMERO DE LA CLASIFICACIÓN DECIMAL DEWEY
Número de edición 22
Número de documento/Ítem M878d
100 1# - ENTRADA PRINCIPAL--NOMBRE DE PERSONA
Nombre de persona Morrison, Heriberto
9 (RLIN) 6495
245 13 - MENCIÓN DE TÍTULO
Título El deporte en el marco de la estrategia nacional de desarrollo:
Resto del título retos y perspectivas. /
Mención de responsabilidad, etc. Heriberto Morrison; fotografía de cubierta, Merian Pérez.
260 ## - PUBLICACIÓN, DISTRIBUCIÓN, ETC.
Lugar de publicación, distribución, etc. Santo Domingo :
Nombre del editor, distribuidor, etc. Editora Búho,
Fecha de publicación, distribución, etc. 2012.
300 ## - DESCRIPCIÓN FÍSICA
Extensión 111 p. :
Otras características físicas il., retrs. ;
Dimensiones 23 cm.
500 ## - NOTA GENERAL
Nota general Incluye datos biográficos del autor en las solapas de las cubiertas.
504 ## - NOTA DE BIBLIOGRAFÍA, ETC.
Nota de bibliografía, etc. Bibliografía: 110 - 111
505 ## - NOTA DE CONTENIDO CON FORMATO
Nota de contenido con formato Dedicatoria.
Información miscelánea Reconocimientos.
-- Introducción.
Título Capítulo I.
-- Antecedentes.--
-- Capítulo II.
-- El deporte y el Estado.--
-- Capítulo III.
-- La Ley 1-12 de Estrategia Nacional
-- Capítulo IV.
-- Estrategia de Desarrollo en Deporte.--
-- Capítulo V.
-- Punto de partida.--
-- Capítulo VI.
-- Capítulo VI.
-- Organización de entidades deportivas.--
-- Capítulo VII.
-- A la Vanguardia.--
-- Capítulo VIII.
-- ¿Avance o Retroceso?.--
-- Capítulo IX.
-- Ley contradictoria.--
-- Capítulo X.
-- Perspectivas y Retos.--
-- Recomendaciones y sugerencias que podrían ser útiles a la actualización del Plan Plurianual 2013 - 2016.--
-- Fuentes bibliográficas.
590 ## - NOTA LOCAL (RLIN)
Nota local Inventariado 2022 / MF
650 #4 - PUNTO DE ACCESO ADICIONAL DE MATERIA--TÉRMINO DE MATERIA
9 (RLIN) 16540
Término de materia o nombre geográfico como elemento de entrada Deportes
Subdivisión general Legislación
Subdivisión geográfica República Dominicana
650 #0 - PUNTO DE ACCESO ADICIONAL DE MATERIA--TÉRMINO DE MATERIA
9 (RLIN) 19547
Término de materia o nombre geográfico como elemento de entrada Deporte
Subdivisión geográfica República Dominicana
700 1# - PUNTO DE ACCESO ADICIONAL--NOMBRE DE PERSONA
Nombre de persona Pérez, Merian
Término indicativo de función/relación foto
9 (RLIN) 82683
910 ## - DATOS DE OPCIÓN DEL USUARIO (OCLC)
Datos de opción del usuario MFeliz
942 ## - ELEMENTOS DE PUNTO DE ACCESO ADICIONAL (KOHA)
Fuente del sistema de clasificación o colocación Dewey Decimal Classification
Tipo de ítem Koha Libro
Holdings
Estado de retiro Estado de pérdida Fuente del sistema de clasificación o colocación Restricciones de uso No para préstamo Código de colección Localización permanente Ubicación/localización actual Ubicación en estantería Fecha de adquisición Fuente de adquisición Signatura topográfica completa Código de barras Fecha visto por última vez Número de copia Precio válido a partir de Tipo de ítem Koha
    Dewey Decimal Classification Préstamo en sala   Dominicana de Servicio Biblioteca Nacional Pedro Henríquez Ureña Biblioteca Nacional Pedro Henríquez Ureña En catalogación 23.05.2013 Depósito legal 2022-4855 25.06.2020 e. 3 25.06.2020 Libro
    Dewey Decimal Classification Préstamo en sala   Dominicana de Servicio Biblioteca Nacional Pedro Henríquez Ureña Biblioteca Nacional Pedro Henríquez Ureña En catalogación 23.05.2013   2022-4856 25.06.2020 e. 4 25.06.2020 Libro
    Dewey Decimal Classification Excluido de préstamo   Patrimonio Dominicano Biblioteca Nacional Pedro Henríquez Ureña Biblioteca Nacional Pedro Henríquez Ureña En catalogación 23.05.2013   2022-4861 25.06.2020 e.5 25.06.2020 Libro
    Dewey Decimal Classification Excluido de préstamo   Patrimonio Dominicano Biblioteca Nacional Pedro Henríquez Ureña Biblioteca Nacional Pedro Henríquez Ureña En catalogación 17.08.2022 Depósito legal   2022-4853 03.11.2022   03.11.2022 Libro
    Dewey Decimal Classification Excluido de préstamo   Patrimonio Dominicano Biblioteca Nacional Pedro Henríquez Ureña Biblioteca Nacional Pedro Henríquez Ureña En catalogación 17.08.2022 Depósito legal   2022-4854 03.11.2022 e.2 03.11.2022 Libro

Powered by Koha